| 000 | 00626nam a22002057a 4500 | ||
|---|---|---|---|
| 005 | 20251108164024.0 | ||
| 008 | 250721s1979 xx 000 0 ara d | ||
| 082 | 1 | 4 | _a146.3/بود |
| 100 | 1 | _aبودوستينيك، فاسيلي | |
| 245 | 1 | 0 | _aألف باء المادية الجدلية / |
| 264 | 1 |
_aبيروت : _bدار الطليعة، _c1979. |
|
| 300 | _a119ص | ||
| 650 | 1 | 7 | _aالفلسفة |
| 650 | 1 | 7 | _aالمادية الجدلية |
| 650 | 1 | 7 | _aالمدارس الفلسفية |
| 700 | 1 | _aياخوت، اوفشي | |
| 700 | 1 |
_aطرابيشي، جورج _eترجمة |
|
| 942 |
_2ddc _cBK |
||
| 999 |
_c1631 _d1631 |
||